Logo BPK

Biblioteka

Politechniki Koszalińskiej

The Kindly Ones / (Rekord nr 48652)

Szczegóły MARC
000 -ETYKIETA REKORDU
podpole kontrolne o stałej długości 00504nam a2200181 i 4500
001 - NUMER KONTROLNY REKORDU
pole kontrolne bgj
040 ## - ŹRÓDŁO KATALOGOWANIA
Instytucja, która utworzyła rekord BPK
041 0# - KOD JĘZYKA
Kod języka tekstu eng
008 - POLE O STAŁEJ DŁUGOŚCI - DANE KONTROLNE
podpole kontrolne o stałej długości s uk f |000 0 eng
100 1# - NAZWA OSOBOWA
Nazwa osobowa POWELL, Anthony
Daty związane z nazwą (1905- ).
245 10 - TYTUŁ/ODPOWIEDZIALNOŚĆ
Tytuł The Kindly Ones /
Pozostałe elementy strefy tytułu i oznaczenia odpowiedzialności Anthony Powell.
260 ## - STREFA ADRESU WYDAWNICZEGO
Miejsce wydania London? :
Nazwa wydawcy/dystrybutora Fontana Books,
Data publikacji, dystrybucji/powstania dokumentu 1971=
Nazwa wydawcy/dystrybutora by agreement with Heinemann.
300 ## - STREFA OPISU FIZYCZNEGO
Objętość 256 pp ;
Rozmiary 18 cm.
490 1# - STREFA SERII I DOKUMENTU WIELOCZĘŚCIOWEGO - FORMA NIE DO WYSZUKIWANIA
Tytuł i oznaczenie odpowiedzialności serii Fontana Modern Novels
650 #9 - HASŁO PRZEDMIOTOWE W FORMIE NAZWY OGÓLNEJ LUB JEDNOSTKOWEJ
Nazwa ogólna lub geograficzna English fiction
Określnik chronologiczny 1900-
830 ## - HASŁO DODATKOWE SERII LUB DOKUMENTU WIELOCZĘŚCIOWEGO - TYTUŁ UJEDNOLICONY
Tytuł ujednolicony Fontana Modern Novels
856 ## - LOKALIZACJA I DOSTĘP DO ELEKTRONICZNYCH DOKUMENTÓW ZDALNYCH
Link (URL) http://koha.tu.koszalin.pl/cgi-bin/koha/opac-detail.pl?biblionumber=48652
Tekst linku Katalog online BPK
942 ## - DODATKOWE ELEMENTY (KOHA)
Typ dokumentu Książka
Egzemplarze
Wycofany Status egzemplarza Uszkodzony Dostępność Lokalizacja stała Lokalizacja bieżąca Miejsce przechowywania Sygnatura Kod kreskowy Typ dokumentu
      Dostępny Biblioteka Politechniki Koszalińskiej Biblioteka Politechniki Koszalińskiej Wypożyczalnia Językowa KA 5952 09052741 Książka
© 2023 Biblioteka Politechniki Koszalińskiej :: KOHA